书目信息 |
| 题名: |
农村水电生态环境影响评价及保护对策
|
|
| 作者: | 李青云 主编 | |
| 分册: | ||
| 出版信息: | 武汉 长江出版社 2019 |
|
| 页数: | 199页 | |
| 开本: | 26cm | |
| 丛书名: | ||
| 单 册: | ||
| 中图分类: | X821.2 | |
| 科图分类: | ||
| 主题词: | ||
| 电子资源: | ||
| ISBN: | 978-7-5492-3325-0 | |
| 000 | 01105nam0 2200253 45 | |
| 001 | 012001003148 | |
| 005 | 20140101101308.0 | |
| 010 | @a978-7-5492-3325-0@dCNY68.00 | |
| 100 | @a20190515d2015 em y0chiy50 ea | |
| 101 | 0 | @achi |
| 102 | @aCN@b420000 | |
| 105 | @aa z 000yy | |
| 106 | @ar | |
| 200 | 1 | @a农村水电生态环境影响评价及保护对策@9nong cun shui dian sheng tai huan jing ying xiang ping jia ji bao hu dui ce@f李青云主编 |
| 210 | @a武汉@c长江出版社@d2019 | |
| 215 | @a199页@c图@d26cm | |
| 300 | @a湖北省学术著作出版专项资金 | |
| 330 | @a本书以长江流域为对象,针对典型农村水电的开发利用特点和生态环境保护需求,以生态优先和绿色发展为主线,重点选择了坝式水电站和引水式电站,采用理论分析、原型观测、室内分析和模型计算等技术手段,分区分类系统研究和量化评估了农村水电的水文、水质和水生态影响。 | |
| 607 | @a长江流域@x农村@x水力发电站@x影响@x区域生态环境@x环境生态评价@x研究 | |
| 607 | @a长江流域@x农村@x水力发电站@x影响@x区域生态环境@x环境保护@x研究 | |
| 690 | @aX821.2@v5 | |
| 701 | 0 | @a李青云@9li qing yun@4主编 |
| 801 | 0 | @aCN@b北京卓展@c20191020 |
| 905 | @b1210559-62@dX821.2@e293@f4 | |
| 农村水电生态环境影响评价及保护对策/李青云主编.-武汉:长江出版社,2019 |
| 199页:图;26cm |
| 湖北省学术著作出版专项资金 |
| ISBN 978-7-5492-3325-0:CNY68.00 |
| 本书以长江流域为对象,针对典型农村水电的开发利用特点和生态环境保护需求,以生态优先和绿色发展为主线,重点选择了坝式水电站和引水式电站,采用理论分析、原型观测、室内分析和模型计算等技术手段,分区分类系统研究和量化评估了农村水电的水文、水质和水生态影响。 |
| ● |
| 相关链接 |
|
|
|
|
正题名:农村水电生态环境影响评价及保护对策
索取号:X821.2/293
 
预约/预借
| 序号 | 登录号 | 条形码 | 馆藏地/架位号 | 状态 | 备注 |
| 1 | 1210559 | 212105595 | 第二样本阅览室/ [索取号:X821.2/293] | 在馆 | |
| 2 | 1210560 | 212105602 | 第三借阅区/ [索取号:X821.2/293] | 在馆 | |
| 3 | 1210561 | 212105611 | 第三借阅区/ [索取号:X821.2/293] | 在馆 | |
| 4 | 1210562 | 212105620 | 第三借阅区/ [索取号:X821.2/293] | 在馆 |